La excelencia, segunda parte (Registro nro. 17113)

Detalles MARC
000 -LEADER
fixed length control field 00351 a2200121 4500
001 - CONTROL NUMBER
control field ART_2133
005 - DATE AND TIME OF LATEST TRANSACTION
control field 20260410161723.0
008 - FIXED-LENGTH DATA ELEMENTS--GENERAL INFORMATION
fixed length control field 260409a
100 1# - MAIN ENTRY--PERSONAL NAME
Personal name Hermida, José
245 10 - TITLE STATEMENT
Title La excelencia, segunda parte
700 1# - ADDED ENTRY--PERSONAL NAME
Personal name Serra, Roberto
773 0# - HOST ITEM ENTRY
Title Administración de empresas
Related parts - Año XVI, Nº 188 (nov. 1985)
Record control number REV2036

No hay ítems disponibles.